000 00490nam a2200181Ia 4500
003 GCL
008 140319s9999 xx 000 0 eng d
040 _aGCL /
_cGCL
082 0 4 _a822
_bM M
100 1 _aLA MURE, PIERRE
245 1 0 _aMOULIN ROUGE: A NOVEL BASED ON THE LIFE OF HENRI DE TOULOUSE LANTREC /
_cLA MURE, PIERRE
260 _a[S.N] :
_bCOLLINS ،
_c1953
300 _a448 P
650 0 4 _aENGLISH LITERATURE
650 0 4 _aLITERATURE
650 0 4 _aFICTION
942 _2ddc
_cBK
999 _c19458
_d19458